LIBRARY & INFORMATION CENTRE, KCAET, TAVANUR

ONLINE PUBLIC ACCESS CATALOGUE (OPAC)

Investigations on energy conversion of waste coconut water through an up-flow anaerobic hybrid bioreactor (Record no. 14933)

MARC details
000 -LEADER
fixed length control field 00458nam a22001457a 4500
003 - CONTROL NUMBER IDENTIFIER
control field OSt
088 ## - REPORT NUMBER
Report number T 361
100 ## - MAIN ENTRY--AUTHOR NAME
Personal name DAYANAND KUMBAR
245 ## - TITLE STATEMENT
Title Investigations on energy conversion of waste coconut water through an up-flow anaerobic hybrid bioreactor
260 ## - PUBLICATION, DISTRIBUTION, ETC. (IMPRINT)
Place of publication Tavanur 2016
Name of publisher Kelappaji College of Agricultural Engineeing and Technology
300 ## - PHYSICAL DESCRIPTION
Number of Pages 87
700 ## - ADDED ENTRY--PERSONAL NAME
Personal name Dr. Shaji James P (Guide)
942 ## - ADDED ENTRY ELEMENTS (KOHA)
Koha item type Theses

No items available.

free website counter